Viridiana (Record no. 46)

MARC details
000 -LEADER
fixed length control field 02702cgm a2200565 a 4500
001 - CONTROL NUMBER
control field 5628214
005 - DATE AND TIME OF LATEST TRANSACTION
control field 20200421093817.0
007 - PHYSICAL DESCRIPTION FIXED FIELD--GENERAL INFORMATION
fixed length control field vd bvaizm
008 - FIXED-LENGTH DATA ELEMENTS--GENERAL INFORMATION
fixed length control field 051129s2006 nyu091 g vlspa d
020 ## - INTERNATIONAL STANDARD BOOK NUMBER
International Standard Book Number 0780030621
024 1# - OTHER STANDARD IDENTIFIER
Standard number or code 037429212622
028 42 - PUBLISHER OR DISTRIBUTOR NUMBER
Publisher or distributor number VIR040DVD
Source Criterion Collection
035 ## - SYSTEM CONTROL NUMBER
System control number (OCoLC)ocm62364657
035 ## - SYSTEM CONTROL NUMBER
System control number (NNC)5628214
037 ## - SOURCE OF ACQUISITION
Source of stock number/acquisition Midwest Tapes
Note http://www.midwesttapes.com
040 ## - CATALOGING SOURCE
Original cataloging agency TEFMT
Transcribing agency TEFMT
Modifying agency RCS
-- OCLCA
-- NNC
041 1# - LANGUAGE CODE
Language code of text/sound track or separate title spa
Language code of summary or abstract eng
Language code of original spa
050 14 - LIBRARY OF CONGRESS CALL NUMBER
Classification number PN1995.9.R4
Item number V57535363 2006
082 04 - DEWEY DECIMAL CLASSIFICATION NUMBER
Classification number 791.43/72
Edition information 22
245 00 - TITLE STATEMENT
Title Viridiana
Medium [videorecording] /
Statement of responsibility, etc. directed by Luis Brunel.
260 ## - PUBLICATION, DISTRIBUTION, ETC.
Place of publication, distribution, etc. Irvington, NY :
Name of publisher, distributor, etc. Criterion Collection ;
Place of publication, distribution, etc. Chatsworth, CA
Name of publisher, distributor, etc. Distributed by Image Entertainment,
Date of publication, distribution, etc. [2006]
300 ## - PHYSICAL DESCRIPTION
Extent 1 videodisc (ca. 91 min.) :
Other physical details sd., b&w ;
Dimensions 4 3/4 in.
490 1# - SERIES STATEMENT
Series statement The Criterion collection
Volume/sequential designation 332
500 ## - GENERAL NOTE
General note Title from container.
500 ## - GENERAL NOTE
General note Originally released as a motion picture in 1961.
500 ## - GENERAL NOTE
General note Special feartures: New, restored high-definition digital transfer; new video interviw with Cineaste editor and author Richard Porton; a new essay by author and film historian Michael Wood; original U.S. release trailer; New and improved English subtitle transaction; new, restored high-definition digital transfer; new video interview with Cineaste editor and author Richard Porton ; a new essay by autho and film historian; a new essay by author and film historian Michae Wood.
511 1# - PARTICIPANT OR PERFORMER NOTE
Participant or performer note Margarita Lozano, Jose Calvo, Fernando Rey, Francisco Rabal, Silvia Pinal.
520 ## - SUMMARY, ETC.
Summary, etc. Viridiana, who is about to become a nun, does her utmost to maintain her Catholic principles, but her lecherous uncle and a motley assemblage of paupers force her to confront the limits of her idealism.
521 8# - TARGET AUDIENCE NOTE
Target audience note Not rated.
538 ## - SYSTEM DETAILS NOTE
System details note DVD, region 1, widescreen (1.66:1) presentation; Dolby Digital mono.
546 ## - LANGUAGE NOTE
Language note Spanish dialogue, English subtitles.
650 #0 - SUBJECT ADDED ENTRY--TOPICAL TERM
Topical term or geographic name entry element Monasticism and religious orders for women
Form subdivision Drama.
9 (RLIN) 622
650 #0 - SUBJECT ADDED ENTRY--TOPICAL TERM
Topical term or geographic name entry element Lust
Form subdivision Drama.
9 (RLIN) 623
650 #7 - SUBJECT ADDED ENTRY--TOPICAL TERM
Topical term or geographic name entry element Monasticismo y ódenes religiosas de mujeres
Form subdivision Teatro.
Source of heading or term bidex
9 (RLIN) 624
655 #0 - INDEX TERM--GENRE/FORM
Genre/form data or focus term Feature films.
655 #0 - INDEX TERM--GENRE/FORM
Genre/form data or focus term Foreign films.
655 #0 - INDEX TERM--GENRE/FORM
Genre/form data or focus term Motion pictures, Spanish.
9 (RLIN) 627
655 #0 - INDEX TERM--GENRE/FORM
Genre/form data or focus term Melodrama.
9 (RLIN) 628
655 #7 - INDEX TERM--GENRE/FORM
Genre/form data or focus term Melodrama
Form subdivision Feature.
Source of term migfg
9 (RLIN) 629
700 1# - ADDED ENTRY--PERSONAL NAME
Personal name Buñuel, Luis,
Dates associated with a name 1900-1983.
700 1# - ADDED ENTRY--PERSONAL NAME
Personal name Lozano, Margarita.
9 (RLIN) 631
700 1# - ADDED ENTRY--PERSONAL NAME
Personal name Calvo, José.
9 (RLIN) 632
700 1# - ADDED ENTRY--PERSONAL NAME
Personal name Rey, Fernando,
Dates associated with a name 1917-1994.
9 (RLIN) 633
710 2# - ADDED ENTRY--CORPORATE NAME
Corporate name or jurisdiction name as entry element Criterion Collection (Firm)
710 2# - ADDED ENTRY--CORPORATE NAME
Corporate name or jurisdiction name as entry element Image Entertainment (Firm)
830 #0 - SERIES ADDED ENTRY--UNIFORM TITLE
Uniform title Criterion collection (DVD videodiscs) ;
Volume/sequential designation 332.
942 ## - ADDED ENTRY ELEMENTS (KOHA)
Source of classification or shelving scheme Dewey Decimal Classification
Koha item type Books
948 1# - LOCAL PROCESSING INFORMATION (OCLC); SERIES PART DESIGNATOR (RLIN)
Series part designator, SPT (RLIN) 20060517
b (OCLC) c
c (OCLC) dws2
d (OCLC) OSMC
Holdings
Withdrawn status Lost status Damaged status Not for loan Collection Home library Current library Shelving location Date acquired Barcode Date last seen Price effective from Koha item type
        Non-fiction Centerville Centerville Audio visual 09/04/2014 39999000001754 09/04/2014 09/04/2014 Visual Materials
        Non-fiction Centerville Centerville Audio visual 09/04/2014 39999000001778 09/04/2014 09/04/2014 Visual Materials
        Non-fiction Fairview Fairview Audio visual 09/04/2014 39999000001730 09/04/2014 09/04/2014 Visual Materials
        Non-fiction Midway Midway Audio visual 09/04/2014 39999000001792 09/04/2014 09/04/2014 Visual Materials